|
|
|
|
| LEADER |
00000nam a2200000 i 4500 |
| 001 |
1/102776 |
| 008 |
950510s1992 gre d |
| 035 |
|
|
|l 10012637
|
| 040 |
|
|
|a GR-MY-UA
|b gre
|e aacr
|
| 041 |
1 |
|
|a gre
|h eng
|
| 082 |
0 |
|
|a 781.65
|
| 100 |
1 |
|
|a Pattison, Robert.
|
| 245 |
1 |
3 |
|a Το ροκ στον καθρέφτη του ρομαντισμού /
|c Robert Pattison ; μετάφραση: Στέφανος Ροζάνης.
|
| 260 |
|
|
|a Αθήνα :
|b Πρίσμα,
|c 1992.
|
| 300 |
|
|
|a 77 σ.
|
| 650 |
0 |
0 |
|a Rock music
|x History and criticism.
|
| 650 |
0 |
0 |
|a Music, Influence of.
|
| 650 |
0 |
0 |
|a Music
|x Social aspects.
|
| 650 |
0 |
0 |
|a Popular culture.
|
| 650 |
0 |
0 |
|a Romanticism in music.
|
| 700 |
1 |
|
|a Ροζάνης, Στέφανος,
|d 1942-
|e trl [Μεταφραστής]
|
| 852 |
|
|
|a INST
|b LESVOS
|c BK
|e 19950510
|h 781.65 PAT
|p 005100001084
|q 005100001084
|t BK
|y 0
|
| 909 |
|
|
|a Λ
|b 025926
|
| 922 |
|
|
|a 1ΕΛΗ
|b 199303
|c ΠΠ/3117
|